header

Education for the manufacturing world of the future (Record no. 178538)

MARC details
000 -LEADER
fixed length control field 01578nam a2200325Ia 4500
082 04 - DEWEY DECIMAL CLASSIFICATION NUMBER
Classification number 670.42/07/1173
245 00 - TITLE STATEMENT
Title Education for the manufacturing world of the future
260 ## - PUBLICATION, DISTRIBUTION, ETC. (IMPRINT)
Place of publication Washington, D.C. :
Name of publisher National Academy Press,
Year of publication 1985.
300 ## - PHYSICAL DESCRIPTION
Number of Pages viii, 136 p. :
Other physical details ill.
490 1# - SERIES STATEMENT
Series statement Series on technology and social priorities
500 ## - GENERAL NOTE
General note Proceedings of the Symposium on Education for the Manufacturing World of the Future, held at the National Academy of Sciences, Washington, D.C., on Sept. 20-21, 1984.
650 #0 - SUBJECT ADDED ENTRY--TOPICAL TERM
Topical Term Production engineering
Topical Term Manufacturing processes.
856 40 - ELECTRONIC LOCATION AND ACCESS
Uniform Resource Identifier http://site.ebrary.com/lib/rucke/Doc?id=10055316

No items available.

© 2026 Rongo University
Contact us: librarian | system librarian | Rongo university